00527pab a2200169 454500008004000000100002400040245012000064260000900184300001300193362000800206650002000214650002000234650002600254650002600280650001700306773003400323180718b2001 xxu||||| |||| 00| 0 eng d aPereira, Anthony W. aVirtual legality: authoritarian legacies and the reform of military justice in Brazil, the Southern Cone and Mexico c2001 ap.555-74 aJun aCourts - Mexico aCourts - Brazil aMexico - Armed forces aBrazil - Armed forces aArmed forces aComparative Political Studies